| 000 | nam a22 7a 4500 | ||
|---|---|---|---|
| 999 |
_c126955 _d126955 |
||
| 008 | 170913b xxu||||| |||| 00| 0 eng d | ||
| 050 | _aBX3706.D8 | ||
| 100 |
_aDuhr, Bernhard _935742 |
||
| 245 |
_aGeschichte der Jesuiten in den ladern deutscher Zunge Duhr, _bIn der Zweiten halften des XVII Jahrhmderts _c/ Bernhard Duhr |
||
| 260 |
_aMunchen _bG.J. Manz _c1907-21 |
||
| 300 |
_axvi, 876p. ; _c27cm. |
||
| 650 |
_aJesuits _xHistory _96572 |
||
| 650 |
_aJesuits in Germany _935743 |
||
| 942 |
_2lcc _cMONOGRAPH |
||